Pokémon - Antagonistes - Saturne (D/P/Pt) - Statistiques

Statistiques générales
  • Ce quiz a été pris 16 fois
  • Le résultat moyen est 63 sur 77
Statistiques - réponses
Hint Réponse % Correct
Type Acier
100%
Type Acier
100%
Coatox
100%
Coatox
100%
Type Combat
100%
Type Combat
100%
Nosferalto
100%
Nosferalto
100%
Type Poison
100%
Type Poison
100%
Type Poison
100%
Type Poison
100%
Type Psy
100%
Type Psy
100%
Type Psy
100%
Type Psy
100%
Type Vol
100%
Type Vol
100%
Niv 35
92%
Niv (D/P) 35
92%
Niv (D/P) 37
92%
Niv 38
92%
Niv (Pt) 38
92%
Niv 38
92%
Niv (D/P) 38
92%
Niv (Pt) 40
92%
Niv (D/P) 40
92%
Niv 42
92%
Niv (Pt) 42
92%
Archéomire
92%
Archéomire
92%
Capacités Morsure
92%
Capacités Morsure
92%
Capacités Tranch'Air
92%
Capacités Tranch'Air
92%
Niv (Pt) 44
83%
Capacités Ball'Ombre
83%
Capacités Ball'Ombre
83%
Kadabra
83%
Kadabra
83%
Talent Lévitation
83%
Talent Lévitation
83%
Capacités Mur de Fer
83%
Capacités Onde Folie
83%
Capacités Onde Folie
83%
Capacités Psyko
83%
Capacités Psyko
83%
Talent Attention
75%
Talent Attention
75%
Capacités Boue-Bombe
75%
Capacités Casse-Brique
75%
Capacités Crochet Venin
75%
Capacités Direct Toxik
75%
Capacités Direct Toxik
75%
Capacités Extrasenseur
75%
Capacités Gyroballe
75%
Capacités Gyroballe
75%
Capacités Onde de Choc
75%
Capacités Onde de Choc
75%
Talent Anticipation
67%
Talent Anticipation
67%
Objet Baie Sitrus
67%
Objet Baie Sitrus
67%
Capacités Feinte
67%
Capacité (Pt) Feinte
67%
Capacités Plaie Croix
67%
Capacités Tomberoche
67%
Capacités Toxik
67%
Capacités Soin
58%
Capacités Soin
58%
Talent Synchro
58%
Talent Synchro
58%
Capacités Ultrason
58%
Capacités Embargo
50%
Capacités Embargo
50%
Capacité (D/P) Vantardise
42%
Capacités Vendetta
42%
Aucun quiz correspondant
Distribution des résultats
% des personnes avec chaque résultat
Percentile par nombre de réponses
Votre historique - résultats
Vous n’avez pas pris ce quiz